Informatizácia spoločnosti a jej interakcia so vzdelávacím systémom (ISiVS) 2010 zborník z medzinárodnej vedeckej konferencie organizovanej v rámci podujatí k 70. výročiu založenia EU v Bratislave

Saved in:
Bibliographic Details
Corporate Authors: Informatizácia spoločnosti a jej interakcia so vzdelávacím systémom 2010. Medzinárodná vedecká konferencia, Obchodná fakulta EU. Katedra informatiky obchodných firiem
Other Authors: Červenka, Peter, 1976-, Hlavatý, Ivan, 1978-, Pólya, Attila, Hasan, Jamal
Format: Book
Language:Slovak
English
Czech
Published: Bratislava Vydavateľstvo EKONÓM 2010
Subjects:
Tags: Add Tag
No Tags, Be the first to tag this record!

MARC

LEADER 00000nlm$a2200000$$$4500
001 0118754
005 20240502072327.4
020 |a 978-80-225-3069-9 
041 0 |a slo 
041 0 |a eng 
041 0 |a cze 
044 |a SK 
245 1 0 |a Informatizácia spoločnosti a jej interakcia so vzdelávacím systémom (ISiVS) 2010  |b zborník z medzinárodnej vedeckej konferencie organizovanej v rámci podujatí k 70. výročiu založenia EU v Bratislave  |c zborník zostavili Peter Červenka a Ivan Hlavatý 
264 1 |a Bratislava  |b Vydavateľstvo EKONÓM  |c 2010 
300 |a CD-ROM 
610 2 0 |a informatizácia 
610 2 0 |a vzdelávanie 
610 2 0 |a vzdelávanie elektronické 
700 1 |a Červenka, Peter, 1976- 
700 1 |a Hlavatý, Ivan, 1978- 
700 1 |a Pólya, Attila 
700 1 |a Hasan, Jamal 
110 2 |a Informatizácia spoločnosti a jej interakcia so vzdelávacím systémom 2010. Medzinárodná vedecká konferencia 
710 2 |a Obchodná fakulta EU. Katedra informatiky obchodných firiem